When the smoke clears : #1 / Lynette Eason.
Available copies
- 1 of 1 copy available at LARL/NWRL Consortium.
- 1 of 1 copy available at Northwest Regional Library. (Show preferred library)
Current holds
0 current holds with 1 total copy.
Show Only Available Copies
| Location | Call Number / Copy Notes | Barcode | Shelving Location | Status | Due Date |
|---|---|---|---|---|---|
| Thief River Falls Public Library | EAS (Text) | 35500005821598 | Main | Available | - |
Record details
- ISBN: 9780800720070 (pbk.)
- ISBN: 0800720075 (pbk.)
- Physical Description: 340 p. ; 22 cm.
- Publisher: Grand Rapids, MI : Revell, c2012.
Search for related items by subject
| Genre: | Christian fiction. Mystery fiction. |
Search for related items by series
| LDR | 01107cam a22003258a 4500 | ||
|---|---|---|---|
| 001 | 139444 | ||
| 003 | LARL_NWRL_CONSORTIUM | ||
| 005 | 20120216104819.0 | ||
| 008 | 111108s2012 miu 000 1 eng | ||
| 010 | . | ‡a2011043587 | |
| 020 | . | ‡a9780800720070 (pbk.) | |
| 020 | . | ‡a0800720075 (pbk.) | |
| 035 | . | ‡a(OCoLC)729346688 | |
| 040 | . | ‡aDLC ‡beng ‡cDLC ‡dBTCTA ‡dB2A | |
| 050 | 0 | 0. | ‡aPS3605.A79 ‡bW47 2012 |
| 082 | 0 | 0. | ‡a813/.6 ‡223 |
| 100 | 1 | . | ‡aEason, Lynette. ‡0(LARL_NWRL_CONSORTIUM)215239 |
| 245 | 1 | 0. | ‡aWhen the smoke clears : ‡n#1 / ‡cLynette Eason. |
| 260 | . | ‡aGrand Rapids, MI : ‡bRevell, ‡cc2012. | |
| 300 | . | ‡a340 p. ; ‡c22 cm. | |
| 490 | 0 | . | ‡aDeadly reunions ; ‡vbk. 1 |
| 655 | 7. | ‡aChristian fiction. ‡2gsafd | |
| 655 | 7. | ‡aMystery fiction. ‡2gsafd | |
| 948 | . | ‡hNO HOLDINGS IN LAL - 96 OTHER HOLDINGS | |
| 994 | . | ‡aZ0 ‡bLAL | |
| 901 | . | ‡a139444 ‡bOCLC ‡c139444 ‡tbiblio | |

Add to basket
Permalink
Disable Highlighting